000 00507nam a2200145Ia 4500
020 _a085255107X
082 _a378.67 UNI
100 _aEastern and Southern African Universities Research Programme
_93144
245 _aUniversity capacity in Eastern and Southern African Countries
260 _aDar es Salaam:
_bESAURP
_c1987
300 _axix, 259p.
_b21cm
500 _aIncludes references
650 _aColleges and Universities - Africa EastColleges and Universities - Africa Southern
_93145
942 _cBK
999 _c7592
_d7592